Memorias pedag贸gicas del futuro : (Record no. 60000)

MARC details
000 -LEADER
fixed length control field 01094cam a2200289Mi 4500
003 - CONTROL NUMBER IDENTIFIER
control field URS
005 - DATE AND TIME OF LATEST TRANSACTION
control field 20221125082328.0
008 - FIXED-LENGTH DATA ELEMENTS--GENERAL INFORMATION
fixed length control field 220629s2021 ag ob 000 0 spa d
040 ## - CATALOGING SOURCE
Original cataloging agency ARFGC
Language of cataloging eng
Description conventions rda
Transcribing agency ARFGC
Modifying agency JSTOR
-- OCLCF
Transcribing agency URS
020 ## - INTERNATIONAL STANDARD BOOK NUMBER
International Standard Book Number 9789878130187
020 ## - INTERNATIONAL STANDARD BOOK NUMBER
International Standard Book Number 9878130185
050 #4 - LIBRARY OF CONGRESS CALL NUMBER
Classification number LC191
Item number .I446 2021
100 1# - MAIN ENTRY--PERSONAL NAME
Personal name Imen, Pablo,
Relator term author.
245 10 - TITLE STATEMENT
Title Memorias pedag贸gicas del futuro :
Remainder of title educaci贸n, lucha de clases desde nuestra Am茅rica /
Statement of responsibility, etc. Pablo Imen.
264 #1 - PRODUCTION, PUBLICATION, DISTRIBUTION, MANUFACTURE, AND COPYRIGHT NOTICE
Place of production, publication, distribution, manufacture [Buenos Aires?] :
Name of producer, publisher, distributor, manufacturer IUCOOP :
-- CETERA :
-- EFFL, FILO:UBA, Facultad de Filosof铆a y Letras :
-- CLACSO,
Date of production, publication, distribution, manufacture, or copyright notice octubre de 2021.
300 ## - PHYSICAL DESCRIPTION
Extent 1 online resource (762 pages)
336 ## - CONTENT TYPE
Content type term text
Source rdacontent
337 ## - MEDIA TYPE
Media type term computer
Source rdamedia
338 ## - CARRIER TYPE
Carrier type term online resource
Source rdacarrier
590 ## - LOCAL NOTE (RLIN)
Local note JSTOR
Provenance (VM) [OBSOLETE] Books at JSTOR Open Access
650 #0 - SUBJECT ADDED ENTRY--TOPICAL TERM
Topical term or geographic name entry element Education.
Authority record control number or standard number http://id.loc.gov/authorities/subjects/sh85040989
650 #7 - SUBJECT ADDED ENTRY--TOPICAL TERM
Topical term or geographic name entry element EDUCATION / General
Source of heading or term bisacsh
650 #7 - SUBJECT ADDED ENTRY--TOPICAL TERM
Topical term or geographic name entry element Education.
Source of heading or term fast
Authority record control number or standard number (OCoLC)fst00902499
856 40 - ELECTRONIC LOCATION AND ACCESS
Uniform Resource Identifier <a href="https://www.jstor.org/stable/10.2307/j.ctv2v88bv2">https://www.jstor.org/stable/10.2307/j.ctv2v88bv2</a>
942 ## - ADDED ENTRY ELEMENTS (KOHA)
Source of classification or shelving scheme Library of Congress Classification
Koha item type E-Book
994 ## -
-- 92
-- PHURS
Holdings
Withdrawn status Source of classification or shelving scheme Damaged status Not for loan Home library Current library Date acquired Total Checkouts Date last seen Price effective from Koha item type
  Library of Congress Classification   Not For Loan JSTOR Open Access Books JSTOR Open Access Books 09/22/2022   09/22/2022 09/22/2022 E-Book

University of Rizal System
Email us at univlibservices@urs.edu.ph

Visit our Website www.urs.edu.ph/library